| 000 | 00488nam a22001457a 4500 | ||
|---|---|---|---|
| 082 | _a621 | ||
| 100 | _aRizwan Qayyum, Muhammad | ||
| 245 |
_aWood Defects Detection by Using Texture Analysis / _cMuhammad Rizwan Qayyum. |
||
| 260 |
_aIslamabad. _bCEME - NUST, _c2016. |
||
| 300 |
_a63 p. : ill. ; _c30cm. |
||
| 650 |
_aMechatronics Engineering - MS Theses. _934614 |
||
| 700 |
_aSup: Dr. Khurram Kamal. _934676 |
||
| 942 |
_2ddc _cTHE |
||
| 999 |
_c540645 _d540645 |
||